Music Quiz

Random Music Quiz

Decode Musicians Quiz Stats

 Plays Quiz not verified by Sporcle

Score 0/7 Timer 08:00
0 Plays Today
Clues Musician name % Correct
How much does aneminem
92.1%
cost? 50 cent
89.5%
(item)black eyed peas
84.2%
I want mynickelback
73.7%
are much cheaper. I can go get them at my granny's house; she lives 3 doors down
73.7%
WHAT?! That'sludacris
34.2%
Sweet! Let's take theBackstreet boys
28.9%

You're not logged in!

Compare scores with friends on all Sporcle quizzes.
OR
Log In

Show Comments

Extras

Created Oct 22, 2010ReportNominate
Tags:decode, hidden, musician, name, story

Top Quizzes Today


Score Distribution

Your Account Isn't Verified!

In order to create a playlist on Sporcle, you need to verify the email address you used during registration. Go to your Sporcle Settings to finish the process.

Report this User

Report this user for behavior that violates our Community Guidelines.

Details: